书目信息 |
| 题名: |
简明量子物理学
|
|
| 作者: | 兰德肖夫 著 | |
| 分册: | ||
| 出版信息: | 武汉 武汉大学出版社 1984.04 |
|
| 页数: | 251页 | |
| 开本: | 32开 | |
| 丛书名: | ||
| 单 册: | ||
| 中图分类: | O413.1 | |
| 科图分类: | ||
| 主题词: | 理论物理学 | |
| 电子资源: | ||
| ISBN: | ||
| 000 | 00531nam0 2200193 45 | |
| 001 | 0006201523 | |
| 005 | 20000620154010.4 | |
| 010 | @d1.05元 | |
| 100 | @a20000620d1984 km y0chiy0120 ea | |
| 101 | 0 | @achi |
| 105 | @a z 000yy | |
| 200 | 1 | @a简明量子物理学@AJian Ming Liang Zi Wu Li Xue@f兰德肖夫著@FLan De Xiao Fu Zhu |
| 210 | @a武汉@c武汉大学出版社@d1984.04 | |
| 215 | @a251页@d32开 | |
| 606 | 0 | @a理论物理学 |
| 690 | @aO413.1@v3 | |
| 701 | 0 | @a兰德肖夫@4著 |
| 801 | @aCN@bPftUser@c20000620 | |
| 905 | @b209581@dO413.1@eL884@f1 | |
| 简明量子物理学/兰德肖夫著.-武汉:武汉大学出版社,1984.04 |
| 251页;32开 |
| ISBN :1.05元 |
| ● |
| 相关链接 |
|
|
|
正题名:简明量子物理学
索取号:O413.1/L884
 
预约/预借
| 序号 | 登录号 | 条形码 | 馆藏地/架位号 | 状态 | 备注 |
| 1 | 209581 | 202095810 | 自科库401/401自科库 57排6列4层/ [索取号:O413.1/L884] | 在馆 |